000
00263nam a2200121Ia 4500
100
_a
SABADE/ B.R.
942
_c
BK
366
_f
50
245
_a
SHANTANURAO KIRLOSKAR
260
_b
RAJYA MARATHI VIKAS SANSTHA
_a
Mumbai
_c
2003
300
_a
149
546
_a
MARATHI
999
_c
21379
_d
21379